Paroles - La terre est ronde - Orelsan - Statistiques

Statistiques générales
  • Ce quiz a été pris 308 fois
  • Le résultat moyen est 350 sur 465
Statistiques - réponses
Réponse % Correct
te
100%
terre
100%
à
99%
À
99%
est
99%
la
99%
La
99%
ronde
99%
bonne
97%
pour
97%
une
97%
Au
96%
au
96%
Ce
96%
du
96%
fond
96%
mais
96%
Mais
96%
raison
96%
seule
96%
c'est
95%
Et
95%
et
95%
mon
95%
Tout
95%
tout
95%
avoir
94%
fait
94%
maison
94%
que
94%
Après
93%
après
93%
de
93%
être
93%
j'crois
93%
monde
93%
veut
93%
qu'la
91%
c'qu'on
90%
Le
90%
le
90%
l'tour
90%
On
81%
Tu
80%
tu
80%
ta
78%
je
76%
vie
76%
aller
73%
en
73%
En
73%
voiture
73%
travailler
72%
viens
72%
d'acheter
71%
qui
71%
rembourser
70%
travailles
69%
besoin
66%
me
66%
T'as
66%
ça
65%
d'une
65%
vicieux
65%
vois
65%
faire
64%
cercle
63%
genre
63%
sauf
62%
vieux
62%
envie
61%
pas
61%
donne
60%
j'ai
60%
J'ai
60%
truc
60%
Des
58%
des
58%
mourir
58%
peu
57%
va
56%
d'tout
55%
toute
55%
ici
54%
quand
54%
sur
54%
l'attendre
53%
arrêt
52%
autant
52%
bonheur
52%
flemme
52%
maladie
52%
semaine
52%
même
51%
veux
51%
c'que
50%
J'veux
50%
j'veux
50%
l'genre
50%
gens
49%
profiter
49%
dans
48%
peux
48%
poursuite
48%
finir
47%
temps
47%
courir
45%
J'suis
45%
feu
44%
Les
44%
les
44%
l'infini
44%
qu'j'aime
43%
si
43%
qu'il
42%
avant
41%
Fais
41%
fais
41%
m'emmène
41%
qu'le
41%
vivre
41%
trucs
40%
centaines
39%
plus
39%
j'ferai
38%
juste
38%
m'prenne
38%
patron
38%
sert
38%
soir
38%
avance
37%
mes
37%
d'l'argent
36%
quoi
36%
surtout
36%
maintenant
35%
parents
35%
prendre
35%
pyjama
35%
d'l'instant
34%
d'linstant
34%
tard
34%
caleçon
33%
pouvoir
33%
bien
32%
lumière
32%
m'filera
32%
m'sert
32%
Pourquoi
32%
parle
31%
peut
31%
lieu
30%
rien
29%
d'suite
28%
l'bip
28%
s'il
28%
conseils
27%
d'vivre
27%
feignant
27%
mêmes
27%
t'oublies
27%
Y'a
27%
plaît
26%
vraiment
26%
attendant
25%
chemin
25%
donnent
25%
dont
25%
j'me
25%
lendemain
25%
rappeurs
25%
remettre
25%
sens
25%
l'équipe
24%
perds
24%
verra
24%
d'lécher
23%
J'vais
23%
s'épanouit
23%
Aujourd'hui
22%
gâcher
21%
l'équilibre
21%
trouver
21%
d'appeler
20%
préparer
20%
cains-ri
19%
l'avenir
19%
merci
19%
J'essaye
17%
j'rameuterai
15%
J'voudrais
14%
Aucun quiz correspondant
Distribution des résultats
% des personnes avec chaque résultat
Percentile par nombre de réponses
Votre historique - résultats
Vous n’avez pas pris ce quiz